|
|
|
|
| LEADER |
00000cam a2200000 7i4500 |
| 001 |
0000002214 |
| 005 |
20240912.0 |
| 008 |
991128 ilu eng |
| 020 |
|
|
|a 0870944665 (pbk)
|
| 040 |
|
|
|a INS
|b eng
|e rda
|
| 090 |
0 |
0 |
|a RHC106.8
|b .H36 1984
|
| 245 |
0 |
4 |
|a The Handbook of economic and financial measures
|c edited by Frank J. Fabozzi, Harry I. Greenfield
|
| 264 |
|
1 |
|a Homewood, Illinois :
|b Dow Jones-Irwin
|c 1984
|
| 264 |
|
4 |
|c ©1984
|
| 300 |
|
|
|a xviii, 517 pages :
|b illustrations ;
|c 23 cm.
|
| 336 |
|
|
|a text
|2 rdacontent
|
| 337 |
|
|
|a unmediated
|2 rdamedia
|
| 338 |
|
|
|a volume
|2 rdacarrier
|
| 500 |
|
|
|a Includes index
|
| 650 |
|
0 |
|a Economics
|x Handbook, manual, etc.
|
| 650 |
|
0 |
|a Finance
|x Handbooks, manual, etc.
|
| 700 |
1 |
|
|a Fabozzi, Frank J. ,
|e editor
|
| 700 |
1 |
|
|a Greenfield, Harry I. ,
|e editor
|
| 999 |
|
|
|a 0000000538
|b BOOK
|c Red Spot
|e Default branch
|